Sigma-term physics in the perturbative chiral quark model; Physical Review D; Vol. 63, iss. 5

Sonraí bibleagrafaíochta
Parent link:Physical Review D: particles, fields, gravitation, and cosmology.— , 1970-
Vol. 63, iss. 5.— 2001.— [054026]
Rannpháirtithe: Lyubovitskiy (Lyubovitskij) V. E. Valery Efimovich, Gutsche Th., Faessler A., Drukarev E. G.
Achoimre:Title screen
We apply the perturbative chiral quark model at one loop to analyze meson-baryon sigma terms. Analytic expressions for these quantities are obtained in terms of fundamental parameters of low-energy pion-nucleon physics (weak pion decay constant, axial nucleon coupling, strong pion-nucleon form factor) and of only one model parameter (radius of the nucleonic three-quark core).
Режим доступа: по договору с организацией-держателем ресурса
Teanga:Béarla
Foilsithe / Cruthaithe: 2001
Ábhair:
Rochtain ar líne:https://doi.org/10.1103/PhysRevD.63.054026
Formáid: Leictreonach Caibidil leabhair
KOHA link:https://koha.lib.tpu.ru/cgi-bin/koha/opac-detail.pl?biblionumber=656864

MARC

LEADER 00000naa0a2200000 4500
001 656864
005 20251101163724.0
035 |a (RuTPU)RU\TPU\network\23344 
035 |a RU\TPU\network\23315 
090 |a 656864 
100 |a 20171215d2001 k||y0rusy50 ba 
101 0 |a eng 
102 |a US 
135 |a drcn ---uucaa 
181 0 |a i  
182 0 |a b 
200 1 |a Sigma-term physics in the perturbative chiral quark model  |f V. E. Lyubovitskiy (Lyubovitskij) [et al.] 
203 |a Text  |c electronic 
300 |a Title screen 
330 |a We apply the perturbative chiral quark model at one loop to analyze meson-baryon sigma terms. Analytic expressions for these quantities are obtained in terms of fundamental parameters of low-energy pion-nucleon physics (weak pion decay constant, axial nucleon coupling, strong pion-nucleon form factor) and of only one model parameter (radius of the nucleonic three-quark core). 
333 |a Режим доступа: по договору с организацией-держателем ресурса 
461 |t Physical Review D  |o particles, fields, gravitation, and cosmology  |d 1970- 
463 |t Vol. 63, iss. 5  |v [054026]  |d 2001 
610 1 |a электронный ресурс 
610 1 |a труды учёных ТПУ 
701 1 |a Lyubovitskiy (Lyubovitskij)  |b V. E.  |c physicist  |c Professor of Tomsk Polytechnic University, Doctor of physical and mathematical sciences, Professor of the University of Tubingen (Germany)  |f 1963-  |g Valery Efimovich  |3 (RuTPU)RU\TPU\pers\33385  |9 17080 
701 1 |a Gutsche  |b Th. 
701 1 |a Faessler  |b A. 
701 1 |a Drukarev  |b E. G. 
801 2 |a RU  |b 63413507  |c 20171215  |g RCR 
856 4 |u https://doi.org/10.1103/PhysRevD.63.054026 
942 |c CF